000 00897nam a2200253 a 4500
001 000025808
005 20200930024050.0
008 110222s1991 mx r 000 0 spa d
020 _a9686642978
040 _aDO-SdBNP
_bspa
_cBNPHU
041 1 7 _aspa
_heng
_2Código de idioma MARC
082 _aNNN
_bA735l
100 1 _aArmstrong, George M.
_952633
240 1 0 _aLaw and market society in Mexico
_lEspañol.
245 1 0 _aLegistación y sociedad de mercado en México /
_cGeorge M. Armstrong Jr ; traducción del inglés Ana Isabel Stellino.
260 _aMéxico, D. F. :
_bGernika,
_c1991.
300 _a261 p. ;
_c21 cm.
490 1 _aEconomía
_v14
504 _aIncluye bibliografía escogida (p. 255-260)
534 _aTítulo original en inglés:
_tLaw and market society in Mexico
700 1 _aStellino, Ana Isabel
_etr.
_96685
830 0 _aEconomía ;
_v14
_92914
049 _aBNGR
999 _c25300
_d25300